000 00340nam a2200157Ia 4500
999 _c32555
_d32555
003 0100
005 20180919100518.0
008 130303s9999 xx 000 0 und d
040 _cARRUPELIB
050 _aB29.W38 1971
100 _aWeil, Eric
_94712
245 _aEssais et conferences
260 _aParis
260 _bLibraire Plon
300 _a425p
650 _aPhilosophy
_942290
942 _2lcc
_cMONOGRAPH